[Event "Manhem Chessweek IM"]
[Site "?"]
[Date "1998.06.22"]
[Round "1"]
[White "Ziegler, Ari"]
[Black "Bekker Jensen, Simon"]
[Result "1-0"]
[WhiteElo "2425"]
[BlackElo "2300"]
[PlyCount "57"]
[EventDate "1998.06.22"]

1. d4 Nf6 2. c4 g6 3. Nc3 Bg7 4. e4 d6 5. f3 O-O 6. Bg5 c5 7. d5 h6 8. Bf4 Nh5
9. Be3 e5 10. dxe6 Bxe6 11. g4 Nf6 12. Qd2 Nc6 13. O-O-O h5 14. gxh5 Nxh5 15.
Nge2 Ne5 16. Ng3 Nf6 17. Qg2 Nxc4 18. Bxc4 Bxc4 19. Nf5 gxf5 20. Rhg1 Ne8 21.
Bh6 Qf6 22. Bxg7 Nxg7 23. Rxd6 Be6 24. exf5 Qh6+ 25. f4 Kh7 26. fxe6 fxe6 27.
Rd3 Rxf4 28. Kb1 Raf8 29. Rh3 1-0

[Event "Manhem Chessweek IM"]
[Site "?"]
[Date "1998.06.22"]
[Round "1"]
[White "Winsnes, Rikard"]
[Black "Berg, Klaus"]
[Result "1/2-1/2"]
[WhiteElo "2385"]
[BlackElo "2400"]
[PlyCount "43"]
[EventDate "1998.06.22"]

1. e4 c6 2. d4 d5 3. exd5 cxd5 4. c4 Nf6 5. Nc3 e6 6. Nf3 Bb4 7. cxd5 Nxd5 8.
Bd2 Nc6 9. Bd3 Be7 10. O-O O-O 11. Rc1 Bf6 12. Qe2 Nxd4 13. Nxd4 Bxd4 14. Bxh7+
Kxh7 15. Qe4+ Kg8 16. Qxd4 Ne7 17. Qf4 Bd7 18. Be3 Bc6 19. Bc5 Re8 20. Rfd1 Ng6
21. Qg3 Qf6 22. Be3 1/2-1/2

[Event "Manhem Chessweek IM"]
[Site "?"]
[Date "1998.06.22"]
[Round "1"]
[White "Borbjerggaard, Lars"]
[Black "Berg, Emanuel"]
[Result "1-0"]
[WhiteElo "2360"]
[BlackElo "2390"]
[PlyCount "67"]
[EventDate "1998.06.22"]

1. d4 f5 2. Nf3 g6 3. g3 Nf6 4. Bg2 Bg7 5. O-O O-O 6. b3 d6 7. Bb2 Qe8 8. d5
Na6 9. c4 Bd7 10. Nd4 c6 11. Nc3 Nc7 12. dxc6 bxc6 13. Qd2 Rd8 14. e4 fxe4 15.
Nxe4 Nxe4 16. Bxe4 e5 17. Nc2 Bh3 18. Bg2 Bxg2 19. Kxg2 Ne6 20. Rad1 g5 21. f3
Qh5 22. Ne3 Rf6 23. g4 Nf4+ 24. Kh1 Qh3 25. Bxe5 dxe5 26. Qxd8+ Rf8 27. Qd2 h5
28. gxh5 e4 29. Qf2 Qxh5 30. fxe4 Qe8 31. Qf3 Ng6 32. Nf5 Nh4 33. Nxg7 Rxf3 34.
Nxe8 1-0

[Event "Manhem Chessweek IM"]
[Site "?"]
[Date "1998.06.22"]
[Round "1"]
[White "Moberg, Karl Johan"]
[Black "Ronneland, Daniel"]
[Result "1-0"]
[WhiteElo "2320"]
[BlackElo "2320"]
[PlyCount "87"]
[EventDate "1998.06.22"]

1. e4 c5 2. Nf3 Nc6 3. d4 cxd4 4. Nxd4 Nf6 5. Nc3 d6 6. Bg5 e6 7. Qd2 a6 8.
O-O-O h6 9. Be3 Be7 10. f3 Nxd4 11. Bxd4 e5 12. Be3 b5 13. Kb1 Rb8 14. g4 Be6
15. h4 b4 16. Nd5 Nxd5 17. exd5 Bd7 18. Bd3 Qa5 19. Be4 Qa4 20. g5 Rb5 21. b3
Qa3 22. Qc1 Qxc1+ 23. Kxc1 f5 24. gxf6 Bxf6 25. Bd3 Ra5 26. Bd2 Rxd5 27. Bxb4
Ke7 28. Bxa6 Bc6 29. Rxd5 Bxd5 30. Be2 Ke6 31. h5 Bg5+ 32. Bd2 Bf6 33. c4 Bb7
34. Bb4 Be7 35. Rg1 Bg5+ 36. Bd2 Bf6 37. f4 e4 38. Bg4+ Ke7 39. Re1 Kd8 40. Bf5
Re8 41. Ba5+ Ke7 42. Bxe4 Bh4 43. Bxb7+ Bxe1 44. Bxe1 1-0

[Event "Manhem Chessweek IM"]
[Site "?"]
[Date "1998.06.22"]
[Round "1"]
[White "Akesson, Joel"]
[Black "Bae, Torsten"]
[Result "1-0"]
[WhiteElo "2290"]
[BlackElo "2180"]
[PlyCount "35"]
[EventDate "1998.06.22"]

1. d4 g6 2. c4 Bg7 3. Nc3 c5 4. d5 Bxc3+ 5. bxc3 f5 6. h4 Nf6 7. h5 Rg8 8. hxg6
hxg6 9. d6 e5 10. Bg5 Qa5 11. Rc1 Kf7 12. Nf3 Nc6 13. Qd2 Qd8 14. Rh7+ Kf8 15.
Re7 Nxe7 16. Bxf6 Qb6 17. Bxe7+ Ke8 18. Qd5 1-0

[Event "Manhem Chessweek IM"]
[Site "?"]
[Date "1998.06.23"]
[Round "2"]
[White "Berg, Klaus"]
[Black "Ziegler, Ari"]
[Result "0-1"]
[WhiteElo "2400"]
[BlackElo "2425"]
[PlyCount "96"]
[EventDate "1998.06.22"]

1. e4 c5 2. d3 g6 3. g3 Bg7 4. Bg2 Nc6 5. f4 d6 6. Nf3 b5 7. O-O Rb8 8. Nc3 b4
9. Ne2 Nf6 10. h3 O-O 11. g4 a5 12. f5 a4 13. Rb1 c4 14. Be3 b3 15. axb3 cxd3
16. cxd3 Rxb3 17. Nfd4 Nxd4 18. Nxd4 Qb6 19. Bf2 Nxg4 20. Nxb3 Nxf2 21. Rxf2
axb3 22. Kf1 Ba6 23. Qf3 Bd4 24. Rd2 Be3 25. Rdd1 Rc8 26. Ra1 Bb5 27. f6 exf6
28. Qxf6 Bd4 29. Qe7 Re8 30. Qg5 Be5 31. Qd2 Re6 32. Bf3 Rf6 33. Kg2 Kg7 34.
Qa5 Qb8 35. Qc3 Bd7 36. Ra3 d5 37. d4 Bf4 38. Rxb3 Qe8 39. exd5 Ba4 40. Re1 Qd7
41. Ra3 Bd6 42. Bg4 Qb5 43. Rxa4 Qxa4 44. b3 Qa8 45. Bf3 Qd8 46. Bg4 h5 47. Bf3
Rf5 48. Kh1 Qh4 0-1

[Event "Manhem Chessweek IM"]
[Site "?"]
[Date "1998.06.23"]
[Round "2"]
[White "Berg, Emanuel"]
[Black "Ronneland, Daniel"]
[Result "1/2-1/2"]
[WhiteElo "2390"]
[BlackElo "2320"]
[PlyCount "141"]
[EventDate "1998.06.22"]

1. e4 c5 2. Nf3 Nc6 3. d4 cxd4 4. Nxd4 Nf6 5. Nc3 d6 6. Be3 Ng4 7. Bb5 Nxe3 8.
fxe3 Bd7 9. O-O Ne5 10. Nf3 Bxb5 11. Nxb5 Qb6 12. Nxe5 dxe5 13. Qd5 e6 14. Qxe5
f6 15. Nc7+ Kd7 16. Rad1+ Bd6 17. Qxd6+ Qxd6 18. Nxa8 Qxd1 19. Rxd1+ Kc6 20.
Nb6 axb6 21. Kf2 b5 22. a3 e5 23. Kf3 h5 24. h4 g5 25. Rh1 Kc5 26. g4 Kd6 27.
gxh5 Rxh5 28. Kg4 Rh7 29. h5 Ke6 30. h6 b6 31. b3 Kf7 32. c4 bxc4 33. bxc4 Kg6
34. a4 Rh8 35. a5 bxa5 36. c5 a4 37. c6 Kh7 38. Kf5 Rc8 39. Rc1 a3 40. Ke6 Kxh6
41. Kd7 Ra8 42. c7 g4 43. Ra1 g3 44. Rxa3 Rxa3 45. c8=Q Kg5 46. Qg8+ Kh4 47.
Qh7+ Kg4 48. Qf5+ Kh4 49. Qxf6+ Kh3 50. Qf5+ Kg2 51. Qxe5 Rxe3 52. Ke6 Kf2 53.
Qb2+ Kf3 54. Qf6+ Ke2 55. Qg6 Kf2 56. Qf6+ Ke2 57. Qb2+ Kf3 58. Kf5 g2 59. Qg7
Kf2 60. Qb2+ Kf3 61. Qc1 Kf2 62. Qd2+ Re2 63. Qf4+ Ke1 64. Qc1+ Kf2 65. Qc5+
Kf1 66. Qc1+ Kf2 67. Qf4+ Ke1 68. Qg3+ Kf1 69. Qh3 Kf2 70. Qh2 Kf1 71. Qh3
1/2-1/2

[Event "Manhem Chessweek IM"]
[Site "?"]
[Date "1998.06.23"]
[Round "2"]
[White "Bjorbjergaard, Lars"]
[Black "Akesson, Joel"]
[Result "1-0"]
[WhiteElo "2360"]
[BlackElo "2290"]
[PlyCount "89"]
[EventDate "1998.06.22"]

1. d4 d5 2. Nf3 Nf6 3. Bf4 c5 4. e3 Nc6 5. c3 Qb6 6. Qb3 c4 7. Qxb6 axb6 8. Na3
Bf5 9. Nh4 Bg6 10. Nxg6 hxg6 11. Nb5 Ra5 12. a4 Kd7 13. Be2 e6 14. Bd1 Be7 15.
Ke2 Na7 16. b4 Nxb5 17. bxa5 Nxc3+ 18. Kd2 Bb4 19. f3 bxa5 20. g4 Nxa4+ 21. Kc2
Nc3 22. h4 b5 23. Be5 Ne8 24. h5 gxh5 25. Rxh5 Rxh5 26. gxh5 f6 27. Bg3 Nd6 28.
Be1 Nxd1 29. Kxd1 Nf5 30. Bxb4 axb4 31. Ra7+ Ke8 32. Rxg7 Kf8 33. Rg6 Kf7 34.
Kd2 b3 35. Rg1 b4 36. e4 Nxd4 37. Ke3 Nc2+ 38. Kd2 c3+ 39. Kd3 dxe4+ 40. fxe4
Na3 41. h6 b2 42. h7 b1=Q+ 43. Rxb1 Kg7 44. Rxb4 Kxh7 45. Kxc3 1-0

[Event "Manhem Chessweek IM"]
[Site "?"]
[Date "1998.06.23"]
[Round "2"]
[White "Bekker Jensen, Simon"]
[Black "Moberg, Karl Johan"]
[Result "1-0"]
[WhiteElo "2300"]
[BlackElo "2320"]
[PlyCount "75"]
[EventDate "1998.06.22"]

1. d4 Nf6 2. c4 g6 3. Nc3 d5 4. Nf3 Bg7 5. Qb3 dxc4 6. Qxc4 O-O 7. e4 a6 8. Be2
b5 9. Qb3 c5 10. dxc5 Bb7 11. O-O Nxe4 12. Nxe4 Bxe4 13. Bg5 Nc6 14. Qe3 Bf5
15. Bh6 Bxb2 16. Rad1 Qc7 17. Bxf8 Rxf8 18. Bd3 Be6 19. Ng5 Bg4 20. Rd2 Be5 21.
g3 Bg7 22. h3 Bc8 23. Kh2 Bh6 24. f4 Bg7 25. Be4 Na5 26. Rd3 Nc4 27. Qf2 e6 28.
Bg2 e5 29. fxe5 Nxe5 30. Rdd1 Bf5 31. Ne4 h5 32. Nd6 Be6 33. Bd5 Bxd5 34. Rxd5
Qc6 35. Rfd1 h4 36. gxh4 f5 37. Qe2 Nd7 38. Qe6+ 1-0

[Event "Manhem Chessweek IM"]
[Site "?"]
[Date "1998.06.23"]
[Round "2"]
[White "Bae, Torstein"]
[Black "Winsnes, Rikard"]
[Result "0-1"]
[WhiteElo "2180"]
[BlackElo "2385"]
[PlyCount "58"]
[EventDate "1998.06.22"]

1. d4 Nf6 2. c4 g6 3. Nc3 d5 4. cxd5 Nxd5 5. Na4 e5 6. dxe5 Bb4+ 7. Bd2 Ne3 8.
fxe3 Bxd2+ 9. Qxd2 Qh4+ 10. g3 Qxa4 11. Bg2 O-O 12. Nf3 Nc6 13. O-O Qb4 14.
Rad1 Qe7 15. Qc3 Bg4 16. h3 Bd7 17. b4 a6 18. a3 Rac8 19. Qc4 Rce8 20. Qf4 Bc8
21. Rd5 f6 22. exf6 Rxf6 23. Qh4 Kg7 24. Kh2 h6 25. Rd3 Bf5 26. Rc3 Be4 27. Nd2
Bf5 28. e4 g5 29. Qh5 Bg6 0-1

[Event "Manhem Chessweek IM"]
[Site "?"]
[Date "1998.06.24"]
[Round "3"]
[White "Ziegler, Ari"]
[Black "Bae, Torstein"]
[Result "1-0"]
[WhiteElo "2425"]
[BlackElo "2180"]
[PlyCount "47"]
[EventDate "1998.06.22"]

1. d4 d5 2. c4 Nc6 3. Nf3 Bg4 4. cxd5 Bxf3 5. gxf3 Qxd5 6. e3 e5 7. Nc3 Bb4 8.
Bd2 Bxc3 9. bxc3 Nf6 10. c4 Qd6 11. d5 Nd8 12. Qa4+ Nd7 13. Bh3 c6 14. Bb4 Nc5
15. O-O-O O-O 16. dxc6 Nd3+ 17. Rxd3 Qxd3 18. Bxf8 Nxc6 19. Bc5 Qe2 20. Rd1
Qxf3 21. Bd7 Qxf2 22. Bxc6 bxc6 23. Qxa7 Re8 24. Qd7 1-0

[Event "Manhem Chessweek IM"]
[Site "?"]
[Date "1998.06.24"]
[Round "3"]
[White "Winsnes, Rikard"]
[Black "Borbjerggaard, Lars"]
[Result "1/2-1/2"]
[WhiteElo "2385"]
[BlackElo "2360"]
[PlyCount "37"]
[EventDate "1998.06.22"]

{[%evp 0,37,46,13,67,60,57,73,66,31,40,-8,-22,-1,-13,-13,3,4,-7,-8,4,5,22,1,9,
7,36,37,35,29,21,-21,0,5,2,-16,-33,-11,-31,14]} 1. e4 c6 2. d4 d5 3. e5 c5 4.
dxc5 Nc6 5. Bf4 e6 6. Nd2 Bxc5 7. Nb3 Bb6 8. Qg4 Kf8 9. Nf3 Nge7 10. Bd3 Ng6
11. O-O Nxf4 12. Qxf4 Qe7 13. c3 h6 14. h4 f5 15. exf6 Qxf6 16. Qg3 e5 17. Bb5
e4 18. Nfd4 Bd7 19. Rae1 1/2-1/2

[Event "Manhem Chessweek IM"]
[Site "?"]
[Date "1998.06.24"]
[Round "3"]
[White "Ronneland, Daniel"]
[Black "Bekker-jensen, Simon"]
[Result "0-1"]
[WhiteElo "2320"]
[BlackElo "2300"]
[PlyCount "86"]
[EventDate "1998.06.22"]

1. d4 Nf6 2. c4 g6 3. Nc3 Bg7 4. e4 d6 5. Be2 O-O 6. Nf3 e5 7. O-O Na6 8. Be3
c6 9. dxe5 dxe5 10. Qxd8 Rxd8 11. Rad1 Re8 12. a3 Ng4 13. Bc1 Nc5 14. b4 Nb3
15. Bb2 a5 16. h3 Nf6 17. c5 Nd7 18. Bc4 Nd4 19. Ne1 b5 20. Ba2 Nf8 21. Bb1 Be6
22. Nd3 Bb3 23. Rd2 Nfe6 24. Ne2 Bh6 25. Nxd4 Nxd4 26. f4 Bc4 27. Bxd4 exd4 28.
e5 axb4 29. axb4 Ra4 30. g4 g5 31. h4 gxf4 32. g5 Bg7 33. Rxf4 Bxe5 34. Nxe5
Rxe5 35. Be4 Rxb4 36. Rxd4 Rxc5 37. Rf6 Rb2 38. Rh6 Bd5 39. Bxh7+ Kg7 40. Rd1
Rc4 41. Bd3 Rg4+ 42. Kf1 Bg2+ 43. Ke1 Bf3 0-1

[Event "Manhem Chessweek IM"]
[Site "?"]
[Date "1998.06.24"]
[Round "3"]
[White "Moberg, Karl Johan"]
[Black "Berg, Klaus"]
[Result "1/2-1/2"]
[WhiteElo "2320"]
[BlackElo "2400"]
[PlyCount "57"]
[EventDate "1998.06.22"]

1. e4 c6 2. d4 d5 3. Nd2 dxe4 4. Nxe4 Bf5 5. Ng3 Bg6 6. h4 h6 7. Nf3 Nd7 8. h5
Bh7 9. Bd3 Bxd3 10. Qxd3 e6 11. Bf4 Qa5+ 12. Bd2 Qc7 13. O-O-O Ngf6 14. Ne4
O-O-O 15. g3 Nxe4 16. Qxe4 Bd6 17. c4 Nf6 18. Qc2 c5 19. d5 exd5 20. cxd5 Rhe8
21. Bc3 Qd7 22. Bxf6 gxf6 23. Nh4 Re5 24. f4 Rxh5 25. Qe2 Rxd5 26. Rxd5 Bxf4+
27. gxf4 Qxd5 28. Rd1 Qxa2 29. Rxd8+ 1/2-1/2

[Event "Manhem Chessweek IM"]
[Site "?"]
[Date "1998.06.24"]
[Round "3"]
[White "Akesson, Joel"]
[Black "Berg, Emanuel"]
[Result "0-1"]
[WhiteElo "2290"]
[BlackElo "2390"]
[PlyCount "64"]
[EventDate "1998.06.22"]

1. d4 f5 2. g3 g6 3. Bg2 Nf6 4. Nh3 Bg7 5. c3 d6 6. Qb3 c6 7. Nf4 Qd7 8. O-O e5
9. dxe5 dxe5 10. Nd3 Qe7 11. Qa3 e4 12. Nf4 g5 13. Nh3 h6 14. f3 c5 15. Nd2 Nc6
16. fxe4 fxe4 17. Nc4 Be6 18. Ne3 O-O 19. Nf2 Ne5 20. Qa4 Rae8 21. Bxe4 Bd7 22.
Qb3+ c4 23. Qa3 Qxa3 24. bxa3 Nxe4 25. Nxe4 Rxf1+ 26. Nxf1 Ng4 27. Nfd2 Bc6 28.
Nf2 Bxc3 29. Rb1 Bd4 30. Nxc4 Rxe2 31. Bb2 Bxf2+ 32. Kf1 Bf3 0-1

[Event "Manhem Chessweek IM"]
[Site "?"]
[Date "1998.06.24"]
[Round "4"]
[White "Berg, Klaus"]
[Black "Ronneland, Daniel"]
[Result "1-0"]
[WhiteElo "2400"]
[BlackElo "2320"]
[PlyCount "65"]
[EventDate "1998.06.22"]

1. e4 c5 2. d3 Nc6 3. g3 g6 4. Bg2 e5 5. Nc3 Bg7 6. f4 d6 7. Nh3 Nge7 8. O-O
O-O 9. f5 gxf5 10. exf5 Bxf5 11. Rxf5 Nxf5 12. Be4 Nfd4 13. Qh5 f5 14. Bd5+ Kh8
15. Ng5 Bh6 16. Qxh6 Qe7 17. Qh5 Nxc2 18. Rb1 N6d4 19. Nf7+ Rxf7 20. Qxf7 Qxf7
21. Bxf7 b5 22. Bd5 Rf8 23. Bg5 h6 24. Be7 Re8 25. Bxd6 b4 26. Bf7 Nf3+ 27. Kf2
Ra8 28. Nb5 e4 29. Rd1 Ng5 30. Bb3 exd3 31. Rxd3 Ne4+ 32. Kg1 Nd4 33. Be5+ 1-0

[Event "Manhem Chessweek IM"]
[Site "?"]
[Date "1998.06.24"]
[Round "4"]
[White "Berg, Emanuel"]
[Black "Bekker-Jensen, Simon"]
[Result "0-1"]
[WhiteElo "2390"]
[BlackElo "2300"]
[PlyCount "72"]
[EventDate "1998.06.22"]

1. e4 c5 2. Nf3 d6 3. d4 cxd4 4. Nxd4 Nf6 5. Nc3 a6 6. Bc4 e6 7. Bb3 b5 8. f3
Be7 9. Be3 O-O 10. Qd2 Bb7 11. g4 Nc6 12. Nxc6 Bxc6 13. a4 Qc7 14. Ne2 Nd7 15.
a5 Ne5 16. Nd4 Bb7 17. g5 Rfe8 18. h4 d5 19. h5 Bc5 20. O-O-O Bxd4 21. Qxd4
Nxf3 22. Qb6 Qxb6 23. axb6 d4 24. Bxd4 Nxg5 25. h6 g6 26. Be3 Nxe4 27. Rd7 Nc5
28. Rhd1 Nxd7 29. Rxd7 Bf3 30. c4 Rad8 31. Rc7 Rd3 32. cxb5 Rxe3 33. bxa6 Rxb3
34. b7 Bxb7 35. axb7 Rd3 36. Rc8 Rdd8 0-1

[Event "Manhem Chessweek IM"]
[Site "?"]
[Date "1998.06.24"]
[Round "4"]
[White "Akesson, Joel"]
[Black "Winsnes, Rikard"]
[Result "0-1"]
[WhiteElo "2290"]
[BlackElo "2385"]
[PlyCount "62"]
[EventDate "1998.06.22"]

1. d4 Nf6 2. c4 g6 3. Nc3 d5 4. cxd5 Nxd5 5. e4 Nxc3 6. bxc3 Bg7 7. Qa4+ Nd7 8.
Be3 O-O 9. Nf3 c5 10. Rd1 Qc7 11. Qa3 Nf6 12. Bd3 b6 13. O-O Bg4 14. Qc1 Bxf3
15. gxf3 Nh5 16. f4 cxd4 17. cxd4 Qd7 18. Be2 Qh3 19. Rd3 Nf6 20. f3 Nh5 21. f5
gxf5 22. Bg5 Rac8 23. Qd2 f4 24. d5 Kh8 25. Rf2 Rg8 26. Rg2 Qd7 27. Bxf4 Nxf4
28. Qxf4 Rc2 29. Bf1 Rxa2 30. Rd1 Qa4 31. Qc1 Ra1 0-1

[Event "Manhem Chessweek IM"]
[Site "?"]
[Date "1998.06.24"]
[Round "4"]
[White "Bae, Torstein"]
[Black "Moberg, Karl Johan"]
[Result "0-1"]
[WhiteElo "2180"]
[BlackElo "2320"]
[PlyCount "68"]
[EventDate "1998.06.22"]

1. d4 Nf6 2. c4 g6 3. Bg5 Ne4 4. Bf4 c5 5. Qc2 Qa5+ 6. Nd2 Nf6 7. d5 d6 8. e4
e5 9. Bg5 Be7 10. Ngf3 Bg4 11. Bxf6 Bxf6 12. Ng1 Na6 13. h3 Bd7 14. Ngf3 O-O
15. Be2 Bg7 16. O-O f5 17. a3 Bh6 18. Rfb1 Qb6 19. Qc3 fxe4 20. Nxe4 Bf5 21.
Qc2 Rae8 22. Bd3 Bxh3 23. Neg5 Bxg5 24. Nxg5 Bf5 25. Bxf5 Rxf5 26. Ne4 Ref8 27.
g3 R8f7 28. Kg2 Qd8 29. b4 b6 30. Qd2 Nb8 31. bxc5 dxc5 32. Rh1 Nc6 33. Raf1
Nd4 34. Qh6 Qf8 {White lost on time.} 0-1

[Event "Manhem Chessweek IM"]
[Site "?"]
[Date "1998.06.25"]
[Round "5"]
[White "Ziegler, Ari"]
[Black "Akesson, Joel"]
[Result "1-0"]
[WhiteElo "2425"]
[BlackElo "2290"]
[PlyCount "55"]
[EventDate "1998.06.22"]

1. d4 d5 2. c4 c6 3. Nf3 Nf6 4. Nc3 e6 5. e3 Nbd7 6. Bd3 dxc4 7. Bxc4 b5 8. Bd3
a6 9. e4 c5 10. d5 c4 11. dxe6 fxe6 12. Bc2 Qc7 13. Nd4 Nc5 14. O-O Bb7 15. Qe2
O-O-O 16. Be3 e5 17. Ndxb5 axb5 18. Nxb5 Qf7 19. Rfc1 Kb8 20. Qe1 Na6 21. Qa5
Bb4 22. Qb6 Qe7 23. Qa7+ Kc8 24. Ba4 Qe6 25. Bb3 Rd7 26. Bxc4 Qe7 27. Be6+ Kd8
28. Bxd7 1-0

[Event "Manhem Chessweek IM"]
[Site "?"]
[Date "1998.06.25"]
[Round "5"]
[White "Winsnes, Rikard"]
[Black "Berg, Emanuel"]
[Result "0-1"]
[WhiteElo "2385"]
[BlackElo "2390"]
[PlyCount "56"]
[EventDate "1998.06.22"]

1. e4 e6 2. d4 d5 3. Nc3 Bb4 4. e5 c5 5. a3 Bxc3+ 6. bxc3 Qc7 7. Qg4 f5 8. Qg3
Ne7 9. Qxg7 Rg8 10. Qxh7 cxd4 11. Kd1 Bd7 12. Nf3 Qxc3 13. Rb1 Ba4 14. Ne1 Qc7
15. h4 Nbc6 16. Bg5 O-O-O 17. Bf6 Rd7 18. f4 Rg3 19. Rh3 Rxh3 20. gxh3 d3 21.
Bxd3 d4 22. Kc1 Qa5 23. Nf3 Qc3 24. Rb2 Nd5 25. Qg8+ Kc7 26. Qxe6 Qxa3 27. Nd2
Ncb4 28. Nc4 Nxd3+ 0-1

[Event "Manhem Chessweek IM"]
[Site "?"]
[Date "1998.06.25"]
[Round "5"]
[White "Ronneland, Daniel"]
[Black "Bae, Torstein"]
[Result "1/2-1/2"]
[WhiteElo "2320"]
[BlackElo "2180"]
[PlyCount "86"]
[EventDate "1998.06.22"]

1. d4 e6 2. c4 f5 3. g3 Nf6 4. Bg2 d5 5. Nf3 Bd6 6. O-O c6 7. Bf4 Bxf4 8. gxf4
Ne4 9. e3 O-O 10. Nbd2 Nd7 11. b4 Ndf6 12. Ne5 Bd7 13. a4 Be8 14. b5 Kh8 15.
bxc6 Bxc6 16. c5 Nd7 17. Ndf3 g5 18. fxg5 Nxg5 19. Nxg5 Qxg5 20. f4 Qh6 21. Nd3
Rg8 22. Kh1 Rg7 23. Bf3 Rag8 24. Qc2 Qh3 25. Qf2 h6 26. Ra2 Nf6 27. Ne5 Bxa4
28. Rb1 Be8 29. Qf1 Qh4 30. Qe1 Qh3 31. Qf1 Qxf1+ 32. Rxf1 Bb5 33. Rb1 a6 34.
h3 Nd7 35. Nxd7 Rxd7 36. Rg1 Rdg7 37. Rxg7 Rxg7 38. Be2 Bc6 39. Kh2 Kg8 40. Bd1
Bb5 41. Be2 Bc6 42. Bd1 Bb5 43. Be2 Bc6 1/2-1/2

[Event "Manhem Chessweek IM"]
[Site "?"]
[Date "1998.06.25"]
[Round "5"]
[White "Moberg, Karl Johan"]
[Black "Borbjerggaard, Lars"]
[Result "1/2-1/2"]
[WhiteElo "2320"]
[BlackElo "2360"]
[PlyCount "104"]
[EventDate "1998.06.22"]

1. e4 c6 2. d4 d5 3. Nd2 dxe4 4. Nxe4 Bf5 5. Ng3 Bg6 6. h4 h6 7. Nf3 Nd7 8. h5
Bh7 9. Bd3 Bxd3 10. Qxd3 Qc7 11. Bd2 Ngf6 12. O-O-O e6 13. Qe2 Bd6 14. Nf5 Bf8
15. Ne5 Nxe5 16. dxe5 Nd5 17. Nd6+ Bxd6 18. exd6 Qxd6 19. c4 Nf6 20. Bxh6 Qc5
21. Be3 Qa5 22. h6 gxh6 23. Bd4 Ke7 24. Rh3 Rhg8 25. Rxh6 Qg5+ 26. Be3 Qf5 27.
Qd2 Kf8 28. Qd6+ Kg7 29. Qg3+ Qg4 30. Qh4 Qxh4 31. Rxh4 e5 32. f4 e4 33. Bd4
Kg6 34. f5+ Kg5 35. Bxf6+ Kxf6 36. Rxe4 Rxg2 37. Rd7 Rh8 38. Re1 b6 39. Rxa7
Rhh2 40. b3 Rxa2 41. Rxa2 Rxa2 42. Re8 Kxf5 43. Rc8 c5 44. Rc6 Ke5 45. Rxb6 f5
46. b4 f4 47. Kd1 cxb4 48. Rxb4 f3 49. Ke1 Kf4 50. Rb8 Kg3 51. Rg8+ Kh2 52. Kf1
Rc2 1/2-1/2

[Event "Manhem Chessweek IM"]
[Site "?"]
[Date "1998.06.26"]
[Round "6"]
[White "Berg, Emanuel"]
[Black "Berg, Klaus"]
[Result "0-1"]
[WhiteElo "2390"]
[BlackElo "2400"]
[PlyCount "96"]
[EventDate "1998.06.22"]

1. f4 d5 2. g3 h5 3. Bg2 h4 4. c4 e6 5. Qb3 c6 6. d4 Nd7 7. Nc3 Ngf6 8. Nf3
hxg3 9. hxg3 Rxh1+ 10. Bxh1 Qb6 11. c5 Qc7 12. Qa4 b6 13. b4 Bb7 14. Rb1 a5 15.
Bd2 Be7 16. Qb3 bxc5 17. bxc5 Ba6 18. Qc2 g6 19. Ne5 Kf8 20. Nxg6+ fxg6 21.
Qxg6 Ng8 22. f5 Nxc5 23. dxc5 Bxc5 24. fxe6 Qg7 25. Qf5+ Ke8 26. Bxd5 cxd5 27.
Nxd5 Rc8 28. Qh5+ Kf8 29. Qf5+ Ke8 30. Qh5+ Kf8 31. Bc3 Qxg3+ 32. Kd2 Qf2 33.
Rg1 Qxe2+ 34. Qxe2 Bxe2 35. Kxe2 Bxg1 36. Bxa5 Bc5 37. Kd3 Ne7 38. Nf6 Kg7 39.
Nd7 Kg6 40. Nxc5 Rxc5 41. Bc3 Rd5+ 42. Ke4 Rf5 43. Bb4 Rf6 44. Ke5 Nc6+ 45. Kd6
Nxb4 46. a4 Kf5 47. a5 Na6 48. Kd7 Rxe6 0-1

[Event "Manhem Chessweek IM"]
[Site "?"]
[Date "1998.06.26"]
[Round "6"]
[White "Winsnes, Rikard"]
[Black "Ziegler, Ari"]
[Result "1/2-1/2"]
[WhiteElo "2385"]
[BlackElo "2425"]
[PlyCount "21"]
[EventDate "1998.06.22"]

1. e4 c5 2. Nf3 Nc6 3. d4 cxd4 4. Nxd4 Nf6 5. Nc3 e5 6. Ndb5 d6 7. Bg5 a6 8.
Na3 b5 9. Nd5 Qa5+ 10. Bd2 Qd8 11. Nxf6+ 1/2-1/2

[Event "Manhem Chessweek IM"]
[Site "?"]
[Date "1998.06.26"]
[Round "6"]
[White "Borbjerggaard, Lars"]
[Black "Ronneland, Daniel"]
[Result "1-0"]
[WhiteElo "2360"]
[BlackElo "2320"]
[PlyCount "87"]
[EventDate "1998.06.22"]

1. c4 Nf6 2. Nc3 g6 3. d4 Bg7 4. e4 d6 5. f4 O-O 6. Nf3 c5 7. Be2 cxd4 8. Nxd4
Nc6 9. Nc2 a6 10. Be3 b6 11. O-O Bb7 12. Qe1 e6 13. Rd1 Qc7 14. Qf2 Nd7 15. Na4
Nc5 16. Nxc5 dxc5 17. b4 Nxb4 18. Nxb4 cxb4 19. Bxb6 Qc6 20. e5 Qa4 21. Rd2
Rfc8 22. Bd1 Qa3 23. Bb3 a5 24. Bd4 a4 25. Bb2 axb3 26. Bxa3 bxa3 27. axb3 Bf8
28. Kh1 Bb4 29. Rd7 Be4 30. Ra7 Rxa7 31. Qxa7 Ra8 32. Qd4 a2 33. Ra1 Bb1 34. h3
Ba3 35. c5 Rc8 36. b4 Kf8 37. Qc3 Rd8 38. c6 Ke7 39. Qc5+ Ke8 40. c7 Rc8 41.
Qc6+ Ke7 42. b5 Bb2 43. Rxa2 Bxa2 44. b6 1-0

[Event "Manhem Chessweek IM"]
[Site "?"]
[Date "1998.06.26"]
[Round "6"]
[White "Akesson, Joel"]
[Black "Moberg, Karl Johan"]
[Result "1/2-1/2"]
[WhiteElo "2290"]
[BlackElo "2320"]
[PlyCount "53"]
[EventDate "1998.06.22"]

1. d4 Nf6 2. c4 g6 3. Nc3 d5 4. cxd5 Nxd5 5. e4 Nxc3 6. bxc3 Bg7 7. Be3 c5 8.
Qd2 Qa5 9. Rc1 cxd4 10. cxd4 Qxd2+ 11. Kxd2 O-O 12. Nf3 Rd8 13. Rc7 Nc6 14. d5
e6 15. Ng5 Be5 16. Rxf7 exd5 17. Rxh7 dxe4+ 18. Kc1 Na5 19. Be2 Be6 20. Nxe6
Rdc8+ 21. Kb1 Kxh7 22. Bg4 Rc4 23. Ng5+ Kg7 24. Rd1 Rb4+ 25. Kc1 Rc4+ 26. Kb1
Rb4+ 27. Kc1 1/2-1/2

[Event "Manhem Chessweek IM"]
[Site "?"]
[Date "1998.06.26"]
[Round "6"]
[White "Bae, Torstein"]
[Black "Bekker-Jensen, Simon"]
[Result "1/2-1/2"]
[WhiteElo "2180"]
[BlackElo "2300"]
[PlyCount "42"]
[EventDate "1998.06.22"]

{[%evp 0,42,46,20,30,-16,43,32,37,37,47,10,7,2,-8,-15,16,19,61,36,66,46,56,-8,
18,10,11,5,14,16,28,33,31,-1,46,51,19,19,-3,15,-2,8,-4,-9,-9]} 1. d4 Nf6 2. c4
g6 3. Nc3 Bg7 4. e4 d6 5. f3 O-O 6. Bg5 c5 7. d5 a6 8. Qd2 e6 9. a4 exd5 10.
cxd5 Qc7 11. Bh6 Re8 12. Bxg7 Kxg7 13. Nge2 Nbd7 14. Ng3 Rb8 15. Be2 c4 16. a5
Nc5 17. Bxc4 Ncxe4 18. fxe4 Qxc4 19. Ra4 Qc5 20. Rd4 Qxa5 21. O-O Qd8 1/2-1/2

[Event "Manhem Chessweek IM"]
[Site "?"]
[Date "1998.06.26"]
[Round "7"]
[White "Ziegler, Ari"]
[Black "Berg, Emanuel"]
[Result "1/2-1/2"]
[WhiteElo "2425"]
[BlackElo "2390"]
[PlyCount "140"]
[EventDate "1998.06.22"]

1. d4 f5 2. g3 g6 3. Bg2 Nf6 4. Nf3 Bg7 5. O-O O-O 6. c4 d6 7. Nc3 Qe8 8. d5
Na6 9. Rb1 c6 10. dxc6 bxc6 11. b4 Rb8 12. a3 Nc7 13. Bb2 Bd7 14. Qd2 Qf7 15.
c5 d5 16. Ne5 Qe6 17. Nxd7 Nxd7 18. Ba1 Ne5 19. e3 Nc4 20. Qc1 Qf7 21. Rd1 a6
22. a4 e5 23. b5 f4 24. exf4 exf4 25. Qxf4 Qe7 26. Re1 Qxe1+ 27. Rxe1 Rxf4 28.
gxf4 axb5 29. axb5 Bxc3 30. Bxc3 Nxb5 31. Rb1 Nca3 32. Rb3 Re8 33. Be5 Kf7 34.
h4 Rd8 35. h5 Nc4 36. hxg6+ hxg6 37. Bf1 Nd2 38. Rh3 Nxf1 39. Kxf1 Ke6 40. Ke2
Kf5 41. Rh7 d4 42. f3 Ke6 43. Rg7 Ra8 44. Rxg6+ Kd5 45. Rg7 Kxc5 46. Rd7 Kc4
47. f5 Nc3+ 48. Kf2 Nd5 49. f6 d3 50. f7 Kb3 51. Rb7+ Kc2 52. Bb8 d2 53. f8=Q
d1=Q 54. Qc5+ Kd3 55. Rb2 Ra1 56. Kg3 Qg1+ 57. Qxg1 Rxg1+ 58. Kf2 Rc1 59. Ba7
Ra1 60. Rb7 Ra2+ 61. Kg3 Ra5 62. Rd7 Ke2 63. Bd4 Ra4 64. Be5 Ne3 65. f4 Ra8 66.
Rc7 Rg8+ 67. Kh4 Kf3 68. Rxc6 Ng2+ 69. Kh5 Nxf4+ 70. Bxf4 Kxf4 1/2-1/2